LEADER 00871nam2-22003131i-450- 001 990002021840403321 005 20090325144544.0 035 $a000202184 035 $aFED01000202184 035 $a(Aleph)000202184FED01 035 $a000202184 100 $a20030910d1966----km-y0itay50------ba 101 0 $aeng 200 1 $aCicadelloidea$fZ. P. Metcalf 210 $aWashington$cU.S.D.A.$d1966 215 $a226 p.$d23 cm 327 0 $a15.: Iassidae/Z. P. Metcalf 461 0$1001000203009$12001$aGeneral catalogue of the Hemiptera$v6 610 0 $aCicadelloidea 610 0 $aRhynchota Homoptera 676 $a595.752 700 1$aMetcalf,$bZeno P.$085747 801 0$aIT$bUNINA$gRICA$2UNIMARC 901 $aBK 912 $a990002021840403321 952 $a61 IV F.7/06.6.15$b2126$fDAGEN 959 $aDAGEN 996 $aCicadelloidea$9405208 997 $aUNINA LEADER 01178nam0 2200289 i 450 001 SUN0074677 005 20100322120000.0 010 $a88-8247-237-5 100 $a20100319d2009 |0itac50 ba 101 $aita 102 $aIT 105 $a|||| ||||| 200 1 $aˆGli ‰stemmi, le imprese, gli emblemi$fGiuseppina Zappella 210 $aManziana$cVecchiarelli$d2009 215 $a138 p.$cill.$d30 cm. 410 1$1001SUN0074672$12001 $aArchitettura delle immagini$equaderni di iconografia e bibliologia$v2$1210 $aManziana$cVecchiarelli. 606 $aAraldica$2FI$3SUNC027249 606 $aStemmi$2FI$3SUNC027251 620 $dManziana$3SUNL001466 700 1$aZappella$b, Giuseppina$3SUNV032978$07692 712 $aVecchiarelli$3SUNV007105$4650 801 $aIT$bSOL$c20181109$gRICA 912 $aSUN0074677 950 $aUFFICIO DI BIBLIOTECA DEL DIPARTIMENTO DI GIURISPRUDENZA$d00 CONS XXVI.33 II $e00 BFG2670 995 $aUFFICIO DI BIBLIOTECA DEL DIPARTIMENTO DI GIURISPRUDENZA$gBFG$h2670$kCONS XXVI.33 II$op$qa 996 $aStemmi, le imprese, gli emblemi$91419307 997 $aUNICAMPANIA